| 000 | 00772nam a22002177a 4500 | ||
|---|---|---|---|
| 008 | 130821s1945 fr gr spa | ||
| 040 |
_aCo-BoUCM _bspa |
||
| 041 | 0 | 0 | _aspa |
| 092 | _aFN 000273 | ||
| 100 |
_aDharma-Satra, Manava _9149451 |
||
| 245 | 0 | 0 |
_aLeyes del Manú _binstituciones religiosas y civiles de la India _cManava Dharma-Sastra, versión castellana de V. García Calderón |
| 260 |
_aParís (Francia) _bcasa Editorial Garnier Hermanos _c[1945?] |
||
| 300 | _axi | ||
| 500 | _aIncluye índice. -- Este libro se encuentra en el depósito de la biblioteca | ||
| 650 | 0 | 4 |
_aBrahman _910209 |
| 650 | 0 | 4 |
_aBudismo _910234 |
| 650 | 0 | 4 |
_aHinduismo _916848 |
| 650 | 0 | 4 |
_aYoga _926413 |
| 700 |
_aGarcía Calderón, V. _eTra _9149452 |
||
| 942 |
_cLIBRO _a27 _e1 _n0 |
||
| 999 |
_c85677 _d85677 |
||